AH International Schools' Libraries

The brainiac's book of the climate and weather / (Record no. 49449)

MARC details
000 -LEADER
fixed length control field 00401nam a2200133 4500
008 - FIXED-LENGTH DATA ELEMENTS--GENERAL INFORMATION
fixed length control field 9780500652466
020 ## - INTERNATIONAL STANDARD BOOK NUMBER
International Standard Book Number 9780500652466
100 ## - MAIN ENTRY--PERSONAL NAME
Personal name Cooper, Rosie
9 (RLIN) 86625
245 ## - TITLE STATEMENT
Title The brainiac's book of the climate and weather /
Statement of responsibility, etc Rosie Cooper & Harriet Russell
260 ## - PUBLICATION, DISTRIBUTION, ETC. (IMPRINT)
Place of publication, distribution, etc London
Name of publisher, distributor, etc Thames & Hudson
Date of publication, distribution, etc 2022
300 ## - PHYSICAL DESCRIPTION
Extent 64 p.
Other physical details col. ill.
Dimensions 28 cm.
650 ## - SUBJECT ADDED ENTRY--TOPICAL TERM
Topical term or geographic name as entry element Climate and weather
9 (RLIN) 86626
942 ## - ADDED ENTRY ELEMENTS (KOHA)
Source of classification or shelving scheme
Koha item type Book
Holdings
Withdrawn status Lost status Source of classification or shelving scheme Damaged status Not for loan Collection code Home library Current library Shelving location Date acquired Total Checkouts Full call number Barcode Checked out Date last seen Date checked out Price effective from Koha item type
          TEACHERS' RESOURCES Asian Hope Primary Library Asian Hope Primary Library Non Fiction 08/28/2025 1 551.63 COO 209388 12/29/2025 09/30/2025 09/30/2025 08/28/2025 Book

For any Logos Library related questions please contact Miss Art at swongnarasuk@asianhope.org.

For any Asian Hope Library related questions please contact Miss Raza at graza@asianhope.org.

Powered by Koha